000 01257cab a22002415a 4500
001 L148594
008 091008e20090919xxk 000 0 eng d
035 _a(Sirsi) u148594
041 0 _aeng
100 1 _aCohen, Roger
245 0 0 _aFind the way out of a hole
260 _c2009
490 _aEstates Gazette
_v(0937) 19 September 2009, 96-98(3)
520 _aAdvises on interpreting contracts by referring to five key principles set out in "Investors Compensation Scheme Ltd v West Bromich Building Society (No 1)" HL [1998] 1 WLR 896. Recommends aids to help interpretation such as rent review formulae as set out in "London Regional Transport v Wimpey Group Services Ltd" [1986] 280 EG 898 and overage in "Chartbrook Ltd v Persimmon Homes Ltd" [2009] UKHL 38 (L136965) Compares English jurisdiction on precontractural negotiations with procedures in United States and Russsia.
590 _aKA
650 2 4 _aINVESTORS COMPENSATION SCHEME LTD V WEST BROMWICH BUILDING SOCIETY
650 2 4 _aLONDON REGIONAL TRANSPORT V WIMPEY GROUP SERVICES LTD
650 2 4 _aCHARTBROOK LTD V PERSIMMON HOMES LTD AND ANOTHER
651 4 _aUnited Kingdom
_y
690 _aBUILT ENVIRONMENT-BUILDING CONTRACT FORMS
700 1 _aSoomal, Rashpal
942 _n0
999 _c81901
_d81901